The horse whisperer /

Hlavní autor: Evans, Nicholas, 1950-2022
Jazyk: Angličtina
Vydáno: London : Corgi Books, 1996
Témata:
Fyzický popis: 492 s.
Knihy
Uloženo v:
LEADER 00649nam a2200217za 4500
001 000999218
003 CZ BrMZK
005 20060602121319.0
007 ta
008 060602s1996 enk er|||||||||||engod
020 |a 0552143774 
040 |a BOA001  |b cze 
100 1 |a Evans, Nicholas,  |d 1950-2022  |7 xx0009703 
245 1 4 |a The horse whisperer /  |c Nicholas Evans 
260 |a London :  |b Corgi Books,  |c 1996 
300 |a 492 s. 
655 7 |a romány  |7 fd133289  |2 czenas 
910 |a BOA001  |b AK-0000.353 
990 |a BK 
991 |z 000047793  |x 99 
996 7 |b 261E005548  |c AK-0000.353  |l Anglická knihovna/2.patro  |r ZHR  |n 27  |h F-eva  |w 000999218  |u 000010  |a 0  |e BOA001  |j MZK50  |s A